Etiqueta de registo: 00000nkm 2200025 450
001 2265349
003 http://id.bnportugal.gov.pt/bib/catbnp/2265349
100 ## $a20260211d1985 m y0pory01030103ba
101 0# $aesp
102 ## $aES
200 1# $aArco arte contemporáneo – feria internacional de Madrid, 22–27 fevereiro 1985$bVisual gráfico]$fInstitución Ferial de Madrid$gDesigner: Juan Mariño e Diego Lara
210 #9 $aMadrid$cInstitución Ferial de Madrid,$d1985$eMadrid:$gArtes Gráf. Danubio)
215 ## $a1 cartaz$ccolor.$d67x40 cm
317 ## $aColeção Madeira Luís
702 #1 $aMariño$bJuan$4440$31984919
702 #1 $aLara$bDiego$4440$31984920
710 02 $aIFEMA - Feria de Madrid$31661560
801 #0 $aPT$bBN$gRPC
966 ## $lBN$mICONOG$sCT. 20396 A.$x3
971 ## $cCatmusica8$d20260211
995 ## $aPRR2026 $d20260211$iCatmusica8